<?xml version="1.0" encoding="UTF-8"?><?xml-stylesheet type="text/xsl" href="static/style.xsl"?><OAI-PMH xmlns="http://www.openarchives.org/OAI/2.0/" xmlns:xsi="http://www.w3.org/2001/XMLSchema-instance" xsi:schemaLocation="http://www.openarchives.org/OAI/2.0/ http://www.openarchives.org/OAI/2.0/OAI-PMH.xsd"><responseDate>2026-04-14T07:45:23Z</responseDate><request verb="GetRecord" identifier="oai:www.recercat.cat:2445/186107" metadataPrefix="marc">https://recercat.cat/oai/request</request><GetRecord><record><header><identifier>oai:recercat.cat:2445/186107</identifier><datestamp>2025-12-05T05:39:05Z</datestamp><setSpec>com_2072_1057</setSpec><setSpec>col_2072_478857</setSpec><setSpec>col_2072_478901</setSpec><setSpec>col_2072_478917</setSpec></header><metadata><record xmlns="http://www.loc.gov/MARC21/slim" xmlns:dcterms="http://purl.org/dc/terms/" xmlns:xsi="http://www.w3.org/2001/XMLSchema-instance" xmlns:doc="http://www.lyncode.com/xoai" xsi:schemaLocation="http://www.loc.gov/MARC21/slim http://www.loc.gov/standards/marcxml/schema/MARC21slim.xsd">
   <leader>00925njm 22002777a 4500</leader>
   <datafield ind2=" " ind1=" " tag="042">
      <subfield code="a">dc</subfield>
   </datafield>
   <datafield ind2=" " ind1=" " tag="720">
      <subfield code="a">Ripoll, Gisela</subfield>
      <subfield code="e">author</subfield>
   </datafield>
   <datafield ind2=" " ind1=" " tag="260">
      <subfield code="c">2022-05-30T15:02:05Z</subfield>
   </datafield>
   <datafield ind2=" " ind1=" " tag="260">
      <subfield code="c">2022-05-30T15:02:05Z</subfield>
   </datafield>
   <datafield ind2=" " ind1=" " tag="260">
      <subfield code="c">2018</subfield>
   </datafield>
   <datafield ind2=" " ind1=" " tag="260">
      <subfield code="c">2022-05-30T15:02:06Z</subfield>
   </datafield>
   <datafield ind2=" " ind1=" " tag="520">
      <subfield code="a">La mosaïque dans les Gaules romaines nos conduce de la mano de dos expertos investigadores en el heterogéneo, pero a la vez 'uniforme' mundo del mosaico antiguo de la Galia. Catherine Balmelle y Jean-Pierre Darmon, investigadores eméritos del Centro Centre Henri Stern del CNRS, autores, colaboradores y también amigos, poseen un conocimiento extenso y profundo del repertorio existente de Oriente a Occidente, incluido su propio trabajo en el norte de África y la Galia, especialmente la Lugdunensis y la 'bella' Aquitania. Los autores conocen de manera directa los fondos museísticos, las colecciones privadas y los contextos de los yacimientos, lo que les permite tener una visión global, con todos los particularismos, de la geografía romana. No es una tarea fácil presentar a un público exigente y entendido el significado que tiene el mosaico en el seno de la sociedad romana de la Galia, en la arquitectura en sí, la ornamentación y la cultura a través de la iconografía. Balmelle y Darmon consiguen construir una síntesis con elaborados y sólidos argumentos</subfield>
   </datafield>
   <datafield tag="653" ind2=" " ind1=" ">
      <subfield code="a">Ressenyes (Documents)</subfield>
   </datafield>
   <datafield tag="653" ind2=" " ind1=" ">
      <subfield code="a">Reviews (Documents)</subfield>
   </datafield>
   <datafield tag="653" ind2=" " ind1=" ">
      <subfield code="a">Balmelle, Catherine y Darmon, Jean-Pierre, La mosaïque dans les Gaules romaines, Éditions Picard, París, 2017</subfield>
   </datafield>
   <datafield ind2="0" ind1="0" tag="245">
      <subfield code="a">BALMELLE, Catherine y DARMON, Jean-Pierre, La mosaïque dans les Gaules romaines, Éditions Picard, París, 2017, 360 pp., 450 ilust. a color, ISBN: 978-2-7084-1031-2, EAN: 9782708410312.</subfield>
   </datafield>
</record></metadata></record></GetRecord></OAI-PMH>